000 00649nam a2200241Ia 4500
003 OSt
005 20221005065904.0
006 a|||||r|||| 00| 0
007 ta
008 221004b |||||||| |||| 00| 0 mar d
024 _a40283
037 _cTextual
040 _aCRL
_cCRL
_bmar
041 _2mar
_amar
082 _aO155,2N07,13, K1
100 _aRanganekar M.G.
_9605094
245 0 _aHe hi divas jatil
260 _aMumbai
_bbombay book depo India
_c1961
300 _a77p.
_ccm.
650 _aMARATHI LITERATURE
_938000
942 _hO155,2N07,13, K1
_cTEXL
_2cc
999 _c975377
_d975377